| 000 | 00492nam a2200205Ia 4500 | ||
|---|---|---|---|
| 003 | OSt | ||
| 005 | 20140326092050.0 | ||
| 008 | 140130s9999 xx 000 0 und d | ||
| 020 | _a0439343917 | ||
| 050 |
_aPZ 7 _b.B14032Pup 2000 |
||
| 100 | _aBaglio, Ben | ||
| 245 |
_cBen Baglio _aPup At the palace / |
||
| 260 |
_bScholastic, _aU.S.A : _c2000. |
||
| 300 |
_a136 p. : _bill. ; _c21 cm. |
||
| 440 | _aAnimal Ark | ||
| 521 | _aG5 | ||
| 526 | _c710 | ||
| 942 |
_cBK _2lcc |
||
| 999 |
_c41039 _d41039 |
||